000 00414nam a2200169Ia 4500
008 221030s9999 xx 000 0 und d
020 _a0074622439
041 _aEnglish
082 _a105.23
_bMil
100 _aJ. Millman
245 0 _aElectronic Devices & Circuits
_cby J. Millman, C. C. Halkias
260 _bTMH
_aNew Delhi
_c2000
300 _a752
650 _aECE
700 _aC. C. Halkias
942 _cBK
999 _c6868
_d6868